Statistics for Amitabh Bachchan Filmography

Click here to take the quiz!

General Stats

  • This quiz has been taken 38 times
    (6 since last reset)
  • The average score is 40 of 290

Answer Stats

TypeYearName% Correct
Film1978Don
80%
TV Show2000-2006, 2010-2022Kaun Banega Crorepati
80%
Film1975Sholay
80%
Film2007Aag
60%
Film1973Abhimaan
60%
Film1990Agneepath
60%
Film1977Amar Akbar Anthony
60%
Film1975Deewaar
60%
Film1976Do Anjaane
60%
Film1974Dost
60%
Film1991Hum
60%
Film1979Kaala Patthar
60%
Film2001Kabhi Khushi Kabhie Gham...
60%
Film1983Mahaan
60%
Film2000Mohabbatein
60%
Film1978Muqaddar Ka Sikandar
60%
Film1977Parvarish
60%
Film2016Pink
60%
Film1981Silsila
60%
Film1978Trishul
60%
Film2022Uunchai
60%
Film1981Yaarana
60%
Film2018102 Not Out
40%
Film1983Andha Kanoon
40%
Film1982Bemisal
40%
Film2005Black
40%
Film2005Bunty Aur Babli
40%
Film1980Dostana
40%
Film2023Ganapath
40%
Film1981Kaalia
40%
Film2006Kabhi Alvida Naa Kehna
40%
Film1976Kabhie Kabhie
40%
Film1981Laawaris
40%
Film1974Majboor
40%
Film1982Namak Halaal
40%
Film1981Naseeb
40%
Film2009Paa
40%
Film1969Saat Hindustani
40%
Film2017Sarkar 3
40%
Film1982Satte Pe Satta
40%
Film1988Shahenshah
40%
Film1982Shakti
40%
Film1984Sharaabi
40%
Film1979The Great Gambler
40%
Film2013The Great Gatsby
40%
Film2018Thugs of Hindostan
40%
Film1973Zanjeer
40%
Film1986Aakhree Raasta
20%
Film2002Aankhen
20%
Film1977Adalat
20%
Film1991Ajooba
20%
Film1991Akayla
20%
Film1994Akka
20%
Film2001Aks
20%
Film2009Aladin
20%
Film1971Anand
20%
Film2003Armaan
20%
Film2006Baabul
20%
Film2019Badla
20%
Film2003Baghban
20%
Film1978Besharam
20%
Film2008Bhoothnath
20%
Film2014Bhoothnath Returns
20%
Commercial2020-2021Bikaji
20%
Film2003Boom
20%
Film2007Cheeni Kum
20%
Film1975Chupke Chupke
20%
Film1983Coolie
20%
Film2004Deewaar: Let's Bring Our Heroes Home
20%
Film2012Department
20%
Film1982Desh Premee
20%
Film2004Dev
20%
Film2005Ek Ajnabee
20%
Film2007Eklavya: The Royal Guard
20%
Film2001Ek Rishtaa: The Bond of Love
20%
Film2006Family
20%
Film1975Faraar
20%
Film2006Ganga
20%
Film1985Geraftaar
20%
Film2008God Tussi Great Ho
20%
Film1979Gol Maal
20%
Film2022Goodbye
20%
Film2020Gulabo Sitabo
20%
Film1976Hera Pheri
20%
Film1999Hindustan Ki Kasam
20%
Film1977Immaan Dharam
20%
Film1991Indrajeet
20%
Film1984Inquilaab
20%
Film1989Jaadugar
20%
Film2008Jodhaa Akbar
20%
Film1979Jurmana
20%
Film2002Kaante
20%
Film1978Kasme Vaade
20%
Film2004Khakee
20%
Film1977Khoon Pasina
20%
Film1982Khud-Daar
20%
Film2004Lakshya
20%
Film1999Lal Baadshah
20%
Film1998Major Saab
20%
Film2014Manam
20%
Film1979Manzil
20%
Film1985Mard
20%
Film1975Mili
20%
Film1979Mr. Natwarlal
20%
Film1973Namak Haraam
20%
Film1983Nastik
20%
Film2007Nishabd
20%
Film2005Parineeta
20%
Film2015Piku
20%
Film1980Ram Balram
20%
Film2010Rann
20%
Film2011Ra.One
20%
Film1971Reshma Aur Shera
20%
Film1972Sanjog
20%
Film2008Sarkar Raj
20%
Film1973Saudagar
20%
Film1980Shaan
20%
Film2015Shamitabh
20%
Film1999Sooryavansham
20%
Film1979Suhaag
20%
Film2019Sye Raa Narasimha Reddy
20%
Film2016Teen
20%
Film2010Teen Patti
20%
FilmTBAThe Umesh Chronicles
20%
Film1989Toofan
20%
Film2004Veer-Zaara
20%
Film2005Viruddh... Family Comes First
20%
Film1975Zameer
20%
Film1990Aaj Ka Arjun
0%
TV Show2015-2016Aaj Ki Raat Hai Zindagi
0%
Film2021 | TBAAankhen 2
0%
Film2011Aarakshan
0%
Film2020AB Aani CD
0%
Film2004Ab Tumhare Hawale Watan Saathiyo
0%
Film2004Aetbaar
0%
Film2002Agni Varsha
0%
Film1979Ahsaas
0%
Film1977Alaap
0%
Film2005Amrithadhare
0%
TV Show2016-2017Astra Force
0%
Film1973Bada Kabutar
0%
Film1998Bade Miyan Chote Miyan
0%
Film1976Balika Badhu
0%
Film1973Bandhe Haath
0%
Film1972Bansi Birju
0%
Film1981Barsaat Ki Ek Raat
0%
Film1989Batwara
0%
Film1972Bawarchi
0%
Film2011Bbuddah... Hoga Terra Baap
0%
Film2017Begum Jaan
0%
Film1974Benaam
0%
TV Show2013Bharat Ka Veer Putra - Maharana Pratap
0%
Film1969Bhuvan Shome
0%
TV Show2009Bigg Boss
0%
Film1999Biwi No. 1
0%
Film2012Bol Bachchan
0%
Documentary2011Bollywood: The Greatest Love Story Ever Told
0%
Film1970Bombay Talkie
0%
Film2013Bombay Talkies
0%
Film1972Bombay to Goa
0%
Film2013Boss
0%
Film2022Brahmastra Part One: Shiva
0%
Film2020Butterfly
0%
Film1977Chala Murari Hero Banne
0%
Film1977Charandas
0%
Film1981Chashme Buddoor
0%
Film2021Chehre
0%
Film1976Chhoti Si Baat
0%
Documentary1979Cinema Cinema
0%
Film1981Commander
0%
Film2006Darna Zaroori Hai
0%
TV Show1993-1994Dekh Bhai Dekh
0%
Film2009Delhi-6
0%
TV Show2015Desi Rascals
0%
Film2005Dil Jo Bhi Kahey...
0%
Film1980Do Aur Do Paanch
0%
Film2007Ek Krantiveer: Vasudev Balwant Phadke
0%
Film1972Ek Nazar
0%
Film2012English Vinglish
0%
Film2022Fakt Mahilao Maate
0%
Film2017Firangi
0%
Film2003Fun2shh... Dudes in the 10th Century
0%
Film1988Gangaa Jamunaa Saraswati
0%
Film1978Ganga Ki Saugandh
0%
Film1972Garam Masala
0%
Film1973Gehri Chaal
0%
Film1996Ghatak: Lethal
0%
FilmTBAGhoomer
0%
Film2020Ghoomketu
0%
Film1985Ghulami
0%
Film1971Guddi
0%
Film2018Helicopter Eela
0%
Film1999Hello Brother
0%
Film1998Hero Hindustani
0%
Film1989Hero Hiralal
0%
Film2015Hey Bro
0%
Film2004Hum Kaun Hai?
0%
Film2002Hum Kisise Kum Nahin
0%
Film2004Insaaf: The Justice
0%
Film1994Insaniyat
0%
TV Documentary2013Inside Kokilben Dhirubhai Ambani Hospital
0%
FilmTBAIshq Chakallas
0%
Film1972Jaban
0%
Film1987Jalwa
0%
Film2007Jhoom Barabar Jhoom
0%
Film2022Jhund
0%
Music Video2002Kabhi Nahi
0%
Film2012Kahaani
0%
Film2010Kandahar
0%
Film1984Kanoon Kya Karega
0%
FilmTBAKarishmaa
0%
Film1974Kasauti
0%
TV Show2001Kaun Banega Crorepati Junior
0%
Film1988Kaun Jeeta Kaun Haara
0%
Film1984Khabardar
0%
Film1992Khudah Gawah
0%
Film2003Khushi
0%
Film2016Ki & Ka
0%
Film1999Kohram
0%
Film1990Kroadh
0%
Film2013Krrish 3
0%
Film1974Kunwara Baap
0%
Film2004Kyun! Ho Gaya Na...
0%
Film2001Lagaan
0%
Film2013Mahabharat
0%
Film1989Main Azaad Hoon
0%
Film2019Manikarnika: The Queen of Jhansi
0%
Documentary2005March of the Penguins
0%
Film2022Mayday
0%
Music Video1988Mile Sur Mera Tumhara
0%
Film2012Mr. Bhatti on Chutti
0%
Film1997Mrityudata
0%
Film2003Mumbai Se Aaya Mera Dost
0%
Film2007Om Shanti Om
0%
Film1984Paan Khaye Saiyan Hamaar
0%
Film2018Pad Man
0%
Film2005Paheli
0%
Film1971Parwana
0%
Film1984Pet Pyaar Aur Paap
0%
Music Video2010Phir Mile Sur Mera Tumhara
0%
Music Video2017Phir Se
0%
Film1972Piya Ka Ghar
0%
Film2020Ponniyin Selvan
0%
Film2021Power
0%
Film2022Prabhas - Nag Ashwin Movie
0%
Film1993Professor Ki Pardosan
0%
Film2024Project K
0%
Film1983Pukar
0%
Documentary Series2015Putting the Fun in Fundamental
0%
Film1971Pyar Ki Kahani
0%
Film1972Raaste Kaa Patthar
0%
Film2005Ramji Londonwaley
0%
Film1974Roti Kapda Aur Makaan
0%
Film2004Rudraksh
0%
Film2022Runway 34
0%
Film2005Sarkhar
0%
Film2013Satyagraha
0%
FilmTBASection 84
0%
Film1977Shatranj Ke Khilari
0%
Film2007Shootout at Lokhandwala
0%
Film1988Soorma Bhopali
0%
Film2007Swami
0%
Film2021 | TBATaalismaan
0%
TV Show2014Taarak Mehta Ka Ooltah Chashmah
0%
Commercial2021Tea Valley
0%
Film1996Tere Mere Sapne
0%
Film2017The Ghazi Attack
0%
FilmTBAThe Great Man
0%
Film2022 | TBAThe Intern
0%
Web Series2022The Journey of India
0%
Film2007The Last Lear
0%
TV Show2011The One Show
0%
Documentary2018The President's Bodyguard
0%
Documentary Series2023The Romantics
0%
TV Documentary2011The Story of Film: An Odyssey
0%
Documentary2013The Warrior Prince: Sourav Ganguly
0%
Film2020Uyarntha Manithan
0%
Film1981Vilayati Babu
0%
Film2005Waqt: The Race Against Time
0%
Film2016Wazir
0%
Short Film2020We Are One Family
0%
Film2022Wisdom for Heroes
0%
Film2008Yaar Meri Zindagi
0%
TV Mini-Series2014Yudh
0%
Film2021Zamaanat: And Justice for All
0%
Film2009Zor Lagaa Ke...Haiya!
0%
Film1992Zulm Ki Hukumat
0%

Score Distribution

Percentile by Number Answered

Percent of People with Each Score

Your Score History

You have not taken this quiz since the last reset